000 00530nam a2200169Ia 4500
003 GCL
008 140319s9999 xx 000 0 ara d
040 _aGCL /
_cGCL
082 0 4 _aق
_b923.2
_bع و
100 1 _aعبدالله امام
245 1 0 _aوجيه اباظة : 10 سنوات فى الحكم /
_cعبدالله امام
300 _a404 ص
490 _aالهيئة العامة للاستعلامات
_v0
650 0 4 _aالسياسيون المصريون
650 0 4 _aالرجال - تراجم
942 _2ddc
_cBK
999 _c48704
_d48704